<?xml version="1.0" encoding="UTF-8"?><?xml-stylesheet type="text/xsl" href="static/style.xsl"?><OAI-PMH xmlns="http://www.openarchives.org/OAI/2.0/" xmlns:xsi="http://www.w3.org/2001/XMLSchema-instance" xsi:schemaLocation="http://www.openarchives.org/OAI/2.0/ http://www.openarchives.org/OAI/2.0/OAI-PMH.xsd"><responseDate>2026-06-02T14:39:49Z</responseDate><request verb="GetRecord" identifier="oai:riuma.uma.es:10630/6979" metadataPrefix="marc">https://riuma.uma.es/rest/oai/request</request><GetRecord><record><header><identifier>oai:riuma.uma.es:10630/6979</identifier><datestamp>2026-02-03T12:16:16Z</datestamp><setSpec>com_10630_2254</setSpec><setSpec>col_10630_37959</setSpec></header><metadata><record xmlns="http://www.loc.gov/MARC21/slim" xmlns:dcterms="http://purl.org/dc/terms/" xmlns:doc="http://www.lyncode.com/xoai" xmlns:xsi="http://www.w3.org/2001/XMLSchema-instance" xsi:schemaLocation="http://www.loc.gov/MARC21/slim http://www.loc.gov/standards/marcxml/schema/MARC21slim.xsd">
   <leader>00925njm 22002777a 4500</leader>
   <datafield ind2=" " ind1=" " tag="042">
      <subfield code="a">dc</subfield>
   </datafield>
   <datafield ind2=" " ind1=" " tag="720">
      <subfield code="a">Alvero-Cruz, José Ramón</subfield>
      <subfield code="e">author</subfield>
   </datafield>
   <datafield ind2=" " ind1=" " tag="720">
      <subfield code="a">Fernández-Vázquez, Rosalía</subfield>
      <subfield code="e">author</subfield>
   </datafield>
   <datafield ind2=" " ind1=" " tag="720">
      <subfield code="a">Fernández-García, José Carlos</subfield>
      <subfield code="e">author</subfield>
   </datafield>
   <datafield ind2=" " ind1=" " tag="720">
      <subfield code="a">Álvarez-Carnero, Elvis</subfield>
      <subfield code="e">author</subfield>
   </datafield>
   <datafield ind2=" " ind1=" " tag="260">
      <subfield code="c">2014-01-30</subfield>
   </datafield>
   <datafield ind2=" " ind1=" " tag="520">
      <subfield code="a">INTRODUCTION: Significant scientific evidence documents the deleterious effects of reduced total body water (TBW) on endurance exercise performance, however, the influence of hypohydration on muscular strength, power and high-intensity endurance is poorly understood due to the inconsistent results produced by previous investigations. Trained athletes have relatively high TBW by virtue of having a high muscle mass.&#xd;
OBJECTIVE: The aim of this study was to show the relationship between TBW and performance in elite climbers. &#xd;
MATERIAL AND METHODS: Twenty-three elite climbers (14 males and 9 females) participate in a World Cup-2004 of International Federation of Sport Climbing (IFSC). All athletes completed a fasting body composition assessment. TBW, body fat (Segal) and skeletal muscle mass (SMM), (Janssen) was estimated by bioelectrical impedance analysis (Sanocare, Madrid). Performance was estimated by ranking (Rk) of IFSC. Descriptive statistics were calculated for all variables and Pearson correlation coefficients were used to test the main hypotheses. The level of significance for statistical test was 0.05&#xd;
RESULTS: Significant correlation coefficients were found in males between Rk and TBW (r=0,51; P&lt; 0.001), Rk and Fat (r=0,57; P&lt; 0.05) and finally SMM and TBW (r=0,57; P&lt; 0.05). In females was found a relationship between Rk and TBW (r=0,92; P&lt; 0.001). CONCLUSIONS: A strong association was found between TBW and performance in climbers of both sexes. These relationships are related to body composition particularly mediated by SMM.</subfield>
   </datafield>
   <datafield ind1="8" ind2=" " tag="024">
      <subfield code="a">http://hdl.handle.net/10630/6979</subfield>
   </datafield>
   <datafield tag="653" ind2=" " ind1=" ">
      <subfield code="a">Hidratación</subfield>
   </datafield>
   <datafield ind2="0" ind1="0" tag="245">
      <subfield code="a">Hydration characteristics of elite male climbers</subfield>
   </datafield>
</record>
</metadata></record></GetRecord></OAI-PMH>